01337cam a2200349 a 45000010009000000050017000090080041000260100017000670200025000840350020001090400023001290420008001520500026001600600010001860820015001961000028002112450082002392500012003212600044003333000056003775000109004335040051005426500026005936500025006196500040006446500036006847000040007209060045007609420012008059990019008179520151008361647733320150126105618.0100923s2011 paua b 001 0 eng  a 2010040771 a9780803620575 (pbk.) a(DNLM)101541924 aDNLM/DLCcDLCdDLC apcc00aRB 45.15b.St774 201110aQY 2500a616.07/5611 aStrasinger, Susan King.14aThe phlebotomy textbook /cSusan King Strasinger, Marjorie Schaub Di Lorenzo. a3rd ed. aPhiladelphia :bF.A. Davis Co.,cc2011. axxiii, 470 pages :bcolored illustrations ;c26 cm. aRev. ed. of: The phlebotomy workbook / Susan King Strasinger, Marjorie Schaub Di Lorenzo. 2nd ed. c2003. aIncludes bibliographical references and index. 0aPhlebotomyxPractice.12aPhlebotomyxmethods.22aBlood Specimen Collectionxmethods.22aClinical Laboratory Techniques.1 aDi Lorenzo, Marjorie Schaub,d1953- a7bcbccorignewd1eecipf20gy-gencatlg 2lcccBK c277389d277389 00102lcc40aSSLCbSSLCcSSLCd2015-01-26eLibrary Fundl15m114oRB 45.15 .St774 2011pSSLC1413r2020-06-17 00:00:00s2020-04-28w2015-01-26yBK